Communications for tomorrow : Policy perspectives for the 1980s

שמור ב:
מידע ביבליוגרפי
מחבר ראשי: Robinson, Glen O.
פורמט: ספר
שפה:Undetermined
יצא לאור: New York Praeger 1978
נושאים:
תגים: הוספת תג
אין תגיות, היה/י הראשונ/ה לתייג את הרשומה!
Thư viện lưu trữ: Trung tâm Học liệu Trường Đại học Cần Thơ
LEADER 00619nam a2200217Ia 4500
001 CTU_97589
008 210402s9999 xx 000 0 und d
082 |a 384.0973 
082 |b R661 
100 |a Robinson, Glen O. 
245 0 |a Communications for tomorrow : 
245 0 |b Policy perspectives for the 1980s 
245 0 |c Glen O. Robinson 
260 |a New York 
260 |b Praeger 
260 |c 1978 
650 |a Telecommunication,Telecommunications 
650 |x Law and legislation 
650 |z United States,United States 
904 |i TRúc 
980 |a Trung tâm Học liệu Trường Đại học Cần Thơ